[Event "Budapest Spring op 28th"]
[Site "Budapest"]
[Date "2012.04.01"]
[Round "7"]
[White "Albu, Ferenc"]
[Black "Borda, Lajos"]
[Result "0-1"]
[WhiteElo "1794"]
[BlackElo "2100"]
[PlyCount "78"]
[EventDate "2012.03.26"]
[EventType "swiss"]
[EventRounds "9"]
[EventCountry "HUN"]
[SourceTitle "CBM 147 Extra"]
[Source "ChessBase"]
[SourceDate "2012.04.24"]
[SourceVersion "1"]
[SourceVersionDate "2012.04.24"]
[SourceQuality "1"]

1. e4 c5 2. Nf3 a6 3. c3 d6 4. d4 Qc7 5. Be2 e6 6. Be3 Nf6 7. Nbd2 Nbd7 8. Qc2 cxd4 9. Bxd4 e5 10. Be3 d5 11. Rc1 Be7 12. h3 h6 13. 0-0 0-0 14. Nh2 dxe4 15. Nxe4 Nd5 16. Qd2 Nxe3 17. Qxe3 f5 18. Nd2 Bg5 19. Qd3 Nc5 20. Qc4+ Be6 21. Qb4 Bxd2 22. Rcd1 Bg5 23. Nf3 Be7 24. Bc4 Kh8 25. Bxe6 Nxe6 26. Qb3 Nf4 27. Rfe1 Bf6 28. g3 Nxh3+ 29. Kg2 Ng5 30. Nxg5 Bxg5 31. Qe6 Rae8 32. Qb3 e4 33. Rd5 Rd8 34. Red1 Rxd5 35. Rxd5 f4 36. c4 fxg3 37. Qxg3 Qxc4 38. Rxg5 hxg5 39. Qxg5 Qf7 0-1

[Event "Budapest-chT1 Lilienthal 1112"]
[Site "Budapest"]
[Date "2012.03.18"]
[Round "10"]
[White "Albu, Ferenc"]
[Black "Feher, Attila"]
[Result "0-1"]
[WhiteElo "1800"]
[BlackElo "2127"]
[PlyCount "102"]
[EventDate "2011.10.02"]
[EventType "team-tourn"]
[EventRounds "11"]
[EventCountry "HUN"]
[SourceTitle "EXT 2020"]
[Source "ChessBase"]
[SourceDate "2019.10.17"]
[SourceVersion "1"]
[SourceVersionDate "2019.10.17"]
[SourceQuality "1"]
[WhiteTeam "REAC SISE"]
[BlackTeam "Budapest HUSI II"]
[WhiteTeamCountry "HUN"]
[BlackTeamCountry "HUN"]

1. e4 c5 2. Nf3 a6 3. c3 d6 4. d4 Qc7 5. Be2 Bg4 6. 0-0 Nd7 7. Be3 Ngf6 8. Nbd2 e6 9. Rc1 Be7 10. c4 0-0 11. Re1 Rfe8 12. Qc2 Rac8 13. b3 Bf8 14. Bd3 Bxf3 15. Nxf3 e5 16. d5 g6 17. Qd2 Ng4 18. Rb1 Nxe3 19. Qxe3 Qd8 20. Qg5 Qxg5 21. Nxg5 Bh6 22. Nh3 Rf8 23. f3 Bd2 24. Re2 Bc3 25. Nf2 Bd4 26. Kf1 f5 27. Nd1 Rc7 28. Ke1 Rf6 29. Kd2 Rc8 30. Ne3 Bxe3+ 31. Kxe3 f4+ 32. Kd2 g5 33. Ree1 h5 34. Be2 Rg6 35. h3 Kf7 36. a3 a5 37. a4 Nf6 38. Rh1 Rcg8 39. Rbg1 g4 40. h4 R8g7 41. Ke1 b6 42. Kf2 Kg8 43. Bd1 Kh7 44. Be2 Kh6 45. Bd1 Nd7 46. Re1 gxf3 47. Bxf3 Rg3 48. Re2 Nf6 49. Kf1 Ng4 50. Rb2 Ne3+ 51. Kg1 Rxf3 0-1